Expert systems applications in integrated network management

Saved in:
Bibliographic Details
Other Authors: Ericson, Eric C., 1951- (Editor), Ericson, Lisa Traeger 1954- (edtf), Minoli, Daniel 1952- (Editor)
Format: Book
Language:English
Published: Norwood, MA : Artech House, c1989
Series:Artech House telecommunications library
Subjects:
Tags: Add Tag
No Tags, Be the first to tag this record!

MARC

LEADER 00000cam a2200000 i 4500
001 1/55343
008 941103s1989 eng d
020 |a 0890063788  |c $70.00 
035 |l 10045260 
035 |a 1992  |c ΔΩΡΕΑ 
040 |a GR-MY-UA  |b gre  |e aacr 
041 0 |a eng 
082 0 |a 004.6  |2 (20) 
245 1 0 |a Expert systems applications in integrated network management /  |c Eric C. Ericson, Lisa Traeger Ericson, and Daniel Minoli, editors 
260 |a Norwood, MA :   |b Artech House,   |c c1989 
300 |a xii, 451 p.;  |b ill.;  |c 28 cm 
490 1 |a Artech House telecommunications library 
504 |a Includes bibliographies 
650 0 0 |a Computer networks  |x Management. 
650 0 0 |a Expert systems (Computer science) 
700 1 |a Ericson, Eric C.,   |d 1951-  |e edt 
700 1 |a Ericson, Lisa Traeger  |d 1954-  |e edtf 
700 1 |a Minoli, Daniel  |d 1952-  |e edt 
830 0 |a Artech House telecommunications library 
852 |a INST  |b SAMOS  |e 19941103  |h 004.6 EXP  |p 005300002775  |q 005300002775  |t BK  |y 0 
909 |a Σ  |b 021635